[Event "Online Olym Div3 D"]
[Site "Chess.com INT"]
[Date "2021.08.29"]
[Round "7.3"]
[White "Santos Almonte, Carol"]
[Black "Dos Ramos, Rosangela"]
[Result "1/2-1/2"]
[WhiteElo "1680"]
[BlackElo "1765"]
[PlyCount "33"]
[EventDate "2021.08.27"]
[EventType "team-tourn (rapid)"]
[EventRounds "9"]
[EventCountry "USA"]
[SourceTitle "CBM 204 Extra"]
[Source "ChessBase"]
[SourceDate "2021.11.30"]
[SourceVersion "1"]
[SourceVersionDate "2021.11.30"]
[SourceQuality "1"]
[WhiteTeam "Dominican Republic"]
[BlackTeam "Surinam"]
[WhiteTeamCountry "DOM"]
[BlackTeamCountry "SUR"]

1. d4 g6 2. c4 Bg7 3. Nc3 d6 4. f3 e6 5. e4 Nd7 6. Be3 c6 7. Qd2 Qc7 8. Bd3 h6 9. Nge2 Ngf6 10. Kf2 e5 11. d5 c5 12. a3 a6 13. Rab1 Nf8 14. Bc2 Bd7 15. Bd3 g5 16. b4 b6 17. h4 1/2-1/2

[Event "Online Olym Div3 D"]
[Site "Chess.com INT"]
[Date "2021.08.28"]
[Round "4.5"]
[White "Dos Ramos, Rosangela"]
[Black "Shriyan Santosh, Priyasha"]
[Result "0-1"]
[WhiteElo "1765"]
[BlackElo "1542"]
[PlyCount "72"]
[EventDate "2021.08.27"]
[EventType "team-tourn (rapid)"]
[EventRounds "9"]
[EventCountry "USA"]
[SourceTitle "CBM 204 Extra"]
[Source "ChessBase"]
[SourceDate "2021.11.30"]
[SourceVersion "1"]
[SourceVersionDate "2021.11.30"]
[SourceQuality "1"]
[WhiteTeam "Surinam"]
[BlackTeam "Malawi"]
[WhiteTeamCountry "SUR"]
[BlackTeamCountry "MWI"]

1. e4 g6 2. d4 Bg7 3. Nf3 a6 4. Be3 b5 5. Bd3 Bb7 6. c3 d6 7. 0-0 Nd7 8. Re1 Ngf6 9. Qc2 0-0 10. Nbd2 Rc8 11. Nf1 c5 12. Rad1 c4 13. Be2 Bxe4 14. Qc1 Re8 15. Bh6 Bh8 16. Ng5 Bb7 17. Bf3 Bxf3 18. Nxf3 Qb6 19. Ng3 e5 20. Qg5 e4 21. Nh4 Nf8 22. Bxf8 Kxf8 23. Qf4 d5 24. Qg5 Bg7 25. Qd2 Kg8 26. h3 a5 27. f3 exf3 28. Nxf3 b4 29. Ne5 h5 30. Rf1 Rxe5 31. Kh1 Ree8 32. Rde1 Qc7 33. Ne2 Ne4 34. Qc1 bxc3 35. bxc3 Re7 36. Kg1 Rce8 0-1

[Event "Online Olym Div4 D"]
[Site "Chess.com INT"]
[Date "2021.08.21"]
[Round "7.5"]
[White "Jacobs, Annelaine"]
[Black "Dos Ramos, Rosangela"]
[Result "0-1"]
[WhiteElo "1612"]
[BlackElo "1765"]
[PlyCount "64"]
[EventDate "2021.08.20"]
[EventType "team (rapid)"]
[EventRounds "11"]
[EventCountry "USA"]
[SourceTitle "CBM 203 Extra"]
[Source "ChessBase"]
[SourceDate "2021.09.30"]
[SourceVersion "1"]
[SourceVersionDate "2021.09.30"]
[SourceQuality "1"]
[WhiteTeam "Aruba"]
[BlackTeam "Surinam"]
[WhiteTeamCountry "ARN"]
[BlackTeamCountry "SUR"]

1. e4 g6 2. d4 Bg7 3. Nc3 d6 4. Nf3 Nd7 5. Be3 a6 6. Be2 b5 7. a3 Bb7 8. Nd2 c5 9. dxc5 Nxc5 10. Bxc5 dxc5 11. Rb1 b4 12. axb4 cxb4 13. Na4 Qa5 14. b3 Nf6 15. Bf3 0-0 16. 0-0 Qc7 17. Re1 Nd7 18. Nc4 Ne5 19. Nxe5 Bxe5 20. g3 Rac8 21. Qd2 Bc3 22. Nxc3 Qxc3 23. Qxc3 Rxc3 24. Bd1 Rd8 25. Rc1 Rd4 26. e5 Be4 27. Be2 Bxc2 28. Bxa6 Bxb3 29. Rxc3 bxc3 30. Rc1 c2 31. Kg2 Rd1 32. Rxd1 cxd1Q 0-1

[Event "Online Olym Div3 E"]
[Site "Chess.com INT"]
[Date "2020.08.09"]
[Round "7.5"]
[White "Dos Ramos, Rosangela"]
[Black "Herrera, Marjorie"]
[Result "0-1"]
[WhiteElo "1765"]
[BlackElo "1848"]
[PlyCount "120"]
[EventDate "2020.08.07"]
[EventType "team-tourn (rapid)"]
[EventRounds "9"]
[EventCountry "USA"]
[SourceTitle "CBM 198"]
[Source "ChessBase"]
[SourceDate "2020.10.31"]
[SourceVersion "1"]
[SourceVersionDate "2020.10.31"]
[SourceQuality "1"]
[WhiteTeam "Surinam"]
[BlackTeam "El Salvador"]
[WhiteTeamCountry "SUR"]
[BlackTeamCountry "ESA"]

1. Nf3 Nf6 2. g3 d5 3. Bg2 c5 4. 0-0 Nc6 5. d3 Bg4 6. h3 Bh5 7. Nbd2 e6 8. c3 Bd6 9. e4 Bg6 10. Re1 Qc7 11. Qe2 dxe4 12. dxe4 Be7 13. a4 0-0 14. Nh4 e5 15. Nxg6 hxg6 16. Nc4 Rfd8 17. Ne3 Qd7 18. Nd5 Rac8 19. Be3 Qe6 20. Nxe7+ Qxe7 21. Bg5 a6 22. Rad1 Na5 23. Bxf6 Qxf6 24. Rxd8+ Rxd8 25. Rd1 Nc6 26. Rxd8+ Qxd8 27. Bf1 Qd6 28. Qc4 Kf8 29. Qd5 Qxd5 30. exd5 Ne7 31. c4 Nf5 32. Bd3 Nd4 33. Kg2 Ke7 34. f3 f5 35. Kf2 Kd6 36. Ke3 b5 37. axb5 axb5 38. h4 bxc4 39. Bxc4 Nc2+ 40. Kd2 Nb4 41. b3 Nxd5 42. Bxd5 Kxd5 43. Kd3 e4+ 44. fxe4+ fxe4+ 45. Ke3 Ke5 46. g4 Kd5 47. h5 gxh5 48. gxh5 Ke5 49. Ke2 Kd4 50. Kd2 e3+ 51. Ke2 Ke4 52. Ke1 Kd3 53. Kd1 e2+ 54. Ke1 Kc3 55. Kxe2 Kxb3 56. Kd2 Kb2 57. Kd3 Kb3 58. Kd2 c4 59. Kd1 Kb2 60. Kd2 c3+ 0-1

[Event "Online Olym Div4 D"]
[Site "Chess.com INT"]
[Date "2020.08.01"]
[Round "5.4"]
[White "Faqeeh, Rahaf"]
[Black "Dos Ramos, Rosangela"]
[Result "0-1"]
[WhiteElo "1432"]
[BlackElo "1765"]
[PlyCount "80"]
[EventDate "2020.07.31"]
[EventType "team-tourn (rapid)"]
[EventRounds "9"]
[EventCountry "USA"]
[SourceTitle "CBM 198"]
[Source "ChessBase"]
[SourceDate "2020.10.31"]
[SourceVersion "1"]
[SourceVersionDate "2020.10.31"]
[SourceQuality "1"]
[WhiteTeam "Palestine"]
[BlackTeam "Surinam"]
[WhiteTeamCountry "PLE"]
[BlackTeamCountry "SUR"]

1. c4 g6 2. g3 Bg7 3. Bg2 d6 4. Nf3 c6 5. Nc3 Nd7 6. d3 Ngf6 7. 0-0 0-0 8. Rb1 e5 9. b4 h6 10. Bb2 d5 11. Nd2 d4 12. Nce4 Nxe4 13. Nxe4 Nf6 14. Ba1 Nxe4 15. Bxe4 Bh3 16. Bg2 Bxg2 17. Kxg2 f5 18. f4 e4 19. a4 Qe7 20. Re1 Rad8 21. e3 dxe3 22. Rxe3 Bxa1 23. Rxa1 Qxb4 24. Rc1 Qc5 25. d4 Rxd4 26. Qc2 Rfd8 27. Re2 Rd3 28. Qb2 b6 29. Qf6 R3d6 30. Qc3 Rd4 31. Qe3 Qb4 32. c5 bxc5 33. Qc3 Qxc3 34. Rxc3 c4 35. Rec2 Rd2+ 36. Rxd2 Rxd2+ 37. Kf1 Rd4 38. Ke2 Kf7 39. Ke3 Rd3+ 40. Rxd3 cxd3 0-1

[Event "Cartagena zt 2.3 (Women)"]
[Site "Cartagena"]
[Date "2019.07.19"]
[Round "8"]
[White "Rosado Perez, Maria Jose"]
[Black "Dos Ramos, Rosangela"]
[Result "1-0"]
[WhiteElo "1801"]
[BlackElo "1822"]
[PlyCount "107"]
[EventDate "2019.07.14"]
[EventType "swiss"]
[EventRounds "9"]
[EventCountry "COL"]
[SourceTitle "CBM 191 Extra"]
[Source "ChessBase"]
[SourceDate "2019.09.30"]
[SourceVersion "1"]
[SourceVersionDate "2019.09.30"]
[SourceQuality "1"]

1. e4 g6 2. d4 Bg7 3. c3 d6 4. f4 e6 5. Nf3 a6 6. Bd3 b6 7. 0-0 Ne7 8. Qe2 0-0 9. Na3 Nd7 10. f5 exf5 11. exf5 Nf6 12. fxg6 hxg6 13. Bg5 Re8 14. Rae1 Ned5 15. Qxe8+ Qxe8 16. Rxe8+ Nxe8 17. Be4 c6 18. Bxd5 cxd5 19. Bd8 Bf5 20. Bg5 Rc8 21. Nb1 Nf6 22. Nbd2 Ne4 23. Bf4 Bf8 24. h3 Nxd2 25. Bxd2 Re8 26. Kf2 Bd3 27. Re1 Rxe1 28. Bxe1 Bh6 29. g4 Bc1 30. b4 Be4 31. Bd2 Bxd2 32. Nxd2 f5 33. Kg3 g5 34. gxf5 Bxf5 35. Nf3 Kg7 36. Nxg5 Kf6 37. Kf4 Bg6 38. Nf3 Bb1 39. a3 Be4 40. Nh2 Bg2 41. Ng4+ Kg6 42. h4 Be4 43. h5+ Kf7 44. h6 Kg6 45. h7 Kg7 46. Nf6 Bxh7 47. Nxh7 Kxh7 48. Kf5 Kg7 49. Ke6 Kf8 50. Kxd6 Ke8 51. Kc6 b5 52. Kb6 Kd7 53. Kxa6 Kc6 54. Ka5 1-0

[Event "Cartagena zt 2.3 (Women)"]
[Site "Cartagena"]
[Date "2019.07.15"]
[Round "2"]
[White "Dos Ramos, Rosangela"]
[Black "Paula, Angie"]
[Result "1/2-1/2"]
[WhiteElo "1822"]
[BlackElo "1706"]
[PlyCount "136"]
[EventDate "2019.07.14"]
[EventType "swiss"]
[EventRounds "9"]
[EventCountry "COL"]
[SourceTitle "CBM 191 Extra"]
[Source "ChessBase"]
[SourceDate "2019.09.30"]
[SourceVersion "1"]
[SourceVersionDate "2019.09.30"]
[SourceQuality "1"]

1. g3 c6 2. Bg2 d5 3. d3 Nf6 4. Nd2 Nbd7 5. Ngf3 e5 6. e4 Be7 7. 0-0 0-0 8. Qe2 Qc7 9. c3 Re8 10. Re1 Bd6 11. b3 b6 12. Bb2 Ba6 13. c4 d4 14. h3 Bb7 15. Nf1 a5 16. a4 Bb4 17. Rec1 Nc5 18. Qc2 Qd6 19. N1d2 Nfd7 20. Rd1 Re6 21. Nh4 g6 22. Bc1 Qf8 23. g4 Nf6 24. Ndf3 Bc8 25. Rb1 Re8 26. Nh2 Ne6 27. Rf1 Be7 28. N4f3 Bd6 29. Qe2 Nf4 30. Bxf4 exf4 31. Nxd4 Bd7 32. Rfd1 Bc7 33. Qf3 Qd6 34. Ne2 c5 35. Nc3 Rad8 36. Nf1 g5 37. Nd5 Nxd5 38. cxd5 Re7 39. Nd2 Rde8 40. Nc4 Qf6 41. Rdc1 Be5 42. Nxe5 Qxe5 43. Qd1 Qf6 44. Bf3 Kg7 45. Qd2 Rh8 46. Qb2 Qxb2 47. Rxb2 h5 48. Be2 hxg4 49. hxg4 Rh4 50. f3 Re8 51. Kg2 Reh8 52. Rg1 Kf6 53. Rc2 Ke5 54. Rc4 Kd6 55. d4 cxd4 56. Rxd4 Rh2+ 57. Kf1 Rc8 58. Ke1 Rc1+ 59. Rd1 Rc2 60. Rd2 Rc1+ 61. Bd1 Rh3 62. Rf1 Rc3 63. Rc2 Re3+ 64. Kf2 Rxb3 65. Rc6+ Bxc6 66. Bxb3 Bb7 67. Re1 Ke5 68. Bc4 f5 1/2-1/2

[Event "Olympiad Women-43"]
[Site "Batumi"]
[Date "2018.09.26"]
[Round "3.48"]
[White "Dos Ramos, Rosangela"]
[Black "February, Jesse Nikki"]
[Result "1/2-1/2"]
[WhiteElo "1788"]
[BlackElo "1933"]
[PlyCount "128"]
[EventDate "2018.09.24"]
[EventType "team-swiss"]
[EventRounds "11"]
[EventCountry "GEO"]
[SourceTitle "EXT 2020"]
[Source "ChessBase"]
[SourceDate "2019.10.17"]
[SourceVersion "1"]
[SourceVersionDate "2019.10.17"]
[SourceQuality "1"]
[WhiteTeam "Surinam (W)"]
[BlackTeam "South Africa (W)"]
[WhiteTeamCountry "SUR"]
[BlackTeamCountry "RSA"]

1. e4 e6 2. d3 c5 3. Nf3 Nc6 4. g3 g6 5. Bg2 Bg7 6. 0-0 Nge7 7. c3 e5 8. a3 d6 9. b4 a6 10. Nbd2 0-0 11. Nc4 h6 12. Rb1 b5 13. Ne3 Be6 14. Bd2 Rc8 15. a4 cxb4 16. cxb4 Qd7 17. axb5 axb5 18. Nc2 f5 19. Na3 Nd8 20. Qe2 g5 21. Rfc1 Rxc1+ 22. Rxc1 f4 23. Ne1 g4 24. Bf1 h5 25. Nec2 h4 26. Be1 Bh6 27. Ra1 hxg3 28. fxg3 f3 29. Qf2 d5 30. d4 dxe4 31. Bxb5 Ndc6 32. dxe5 Nd5 33. Nc4 Rb8 34. Bxc6 Qxc6 35. N4e3 Nxe3 36. Nxe3 Qb6 37. Bd2 Rd8 38. Re1 Rd3 39. Bc1 Qxb4 40. Nc2 Qf8 41. Bxh6 Qxh6 42. Ne3 Bb3 43. Nxg4 Qe6 44. Nf6+ Kh8 45. Nxe4 Qxe5 46. Nc5 Rd1 47. Rxd1 Bxd1 48. Nd3 Qd6 49. Ne1 Qd5 50. Qe3 Be2 51. Kf2 Qd1 52. h4 Kg8 53. h5 Kh8 54. Qc3+ Kh7 55. Qc2+ Qxc2 56. Nxc2 Kh6 57. g4 Kg5 58. Ne3 Kh6 59. Nd5 Kg5 60. Ne3 Kh6 61. Nf1 Kg5 62. Nh2 Bd1 63. Kg3 f2 64. Kxf2 Bxg4 1/2-1/2

[Event "Olympiad Women-43"]
[Site "Batumi"]
[Date "2018.09.25"]
[Round "2.50"]
[White "Girmay, Feven Gebremeskel"]
[Black "Dos Ramos, Rosangela"]
[Result "0-1"]
[WhiteElo "1483"]
[BlackElo "1788"]
[PlyCount "44"]
[EventDate "2018.09.24"]
[EventType "team-swiss"]
[EventRounds "11"]
[EventCountry "GEO"]
[SourceTitle "EXT 2020"]
[Source "ChessBase"]
[SourceDate "2019.10.17"]
[SourceVersion "1"]
[SourceVersionDate "2019.10.17"]
[SourceQuality "1"]
[WhiteTeam "Ethiopia (W)"]
[BlackTeam "Surinam (W)"]
[WhiteTeamCountry "ETH"]
[BlackTeamCountry "SUR"]

1. d4 g6 2. c4 Bg7 3. Nc3 d6 4. Nf3 Nd7 5. e3 e5 6. d5 Ne7 7. e4 0-0 8. Bd3 Nc5 9. Bc2 f5 10. 0-0 f4 11. b4 Nd7 12. Ng5 Nf6 13. h3 h6 14. Nf3 g5 15. Nh2 Ng6 16. Ng4 Nxg4 17. hxg4 f3 18. g3 Bxg4 19. Qd3 Bh3 20. Re1 Qd7 21. Nd1 Bg2 22. Ne3 Qh3 0-1

[Event "Olympiad Women-43"]
[Site "Batumi"]
[Date "2018.09.24"]
[Round "1.28"]
[White "Dos Ramos, Rosangela"]
[Black "Stockova, Zuzana"]
[Result "0-1"]
[WhiteElo "1788"]
[BlackElo "2290"]
[PlyCount "134"]
[EventDate "2018.09.24"]
[EventType "team-swiss"]
[EventRounds "11"]
[EventCountry "GEO"]
[SourceTitle "EXT 2020"]
[Source "ChessBase"]
[SourceDate "2019.10.17"]
[SourceVersion "1"]
[SourceVersionDate "2019.10.17"]
[SourceQuality "1"]
[WhiteTeam "Surinam (W)"]
[BlackTeam "Slovakia (W)"]
[WhiteTeamCountry "SUR"]
[BlackTeamCountry "SVK"]

1. Nf3 Nf6 2. g3 g6 3. Bg2 Bg7 4. 0-0 0-0 5. d3 d5 6. c3 c5 7. Nbd2 Nc6 8. Qc2 a5 9. a4 b6 10. e4 e6 11. Re1 Ba6 12. exd5 exd5 13. Nb1 d4 14. c4 Nb4 15. Qd1 Ra7 16. Na3 Re8 17. Rxe8+ Nxe8 18. Nc2 Nc6 19. b3 Bc8 20. Bf4 h6 21. h4 Bf5 22. Qd2 Kh7 23. Re1 Re7 24. Rxe7 Qxe7 25. Kf1 Qd7 26. Qe2 Nf6 27. Ne5 Nxe5 28. Bxe5 Bg4 29. Qd2 Qe7 30. Bxf6 Bxf6 31. Qe1 Qd7 32. Na3 Kg7 33. Nb1 Qf5 34. Be4 Bh3+ 35. Kg1 Qe5 36. Nd2 Bg4 37. f3 Bd7 38. Qf2 Bd8 39. Bd5 Bc7 40. Ne4 g5 41. Qg2 gxh4 42. gxh4+ Kf8 43. Qd2 Qh5 44. Qf2 Bf4 45. Kf1 Bh3+ 46. Ke2 Qe5 47. Kd1 f5 48. Nd2 Be3 49. Qe1 Qh2 50. Bc6 Kf7 51. Bd5+ Kf6 52. Qe2 Qg1+ 53. Qe1 Qh2 54. Qe2 Qf4 55. Qe1 Ke5 56. Ba8 Qh2 57. h5 Qxd2+ 58. Qxd2 Bxd2 59. Kxd2 Kf4 60. Bd5 Bf1 61. Bc6 Kg3 62. Bd7 f4 63. Bc6 Kf2 64. Be4 Be2 65. Bg6 Bxf3 66. Bf7 Bg2 67. Be6 f3 0-1

[Event "South America-ch U20 Girls"]
[Site "Paramaribo"]
[Date "2016.11.21"]
[Round "1"]
[White "Kaslan, Victoria"]
[Black "Dos Ramos, Rosangela"]
[Result "0-1"]
[WhiteElo "1267"]
[BlackElo "1808"]
[PlyCount "73"]
[EventDate "2016.11.21"]
[EventType "tourn"]
[EventRounds "9"]
[EventCountry "SUR"]
[SourceTitle "EXT 2022"]
[Source "ChessBase"]
[SourceDate "2021.10.06"]
[SourceVersion "1"]
[SourceVersionDate "2021.10.06"]
[SourceQuality "1"]

1. e4 g6 2. Nf3 Bg7 3. d4 d6 4. h3 a6 5. Be3 Nd7 6. Nc3 b5 7. a3 Bb7 8. Bd3 Rc8 9. Ne2 c5 10. c3 Ngf6 11. Ng3 0-0 12. Qd2 e6 13. 0-0 Qc7 14. Rae1 Rfd8 15. Nh2 Nb6 16. Bh6 Nc4 17. Bxc4 bxc4 18. Bxg7 Kxg7 19. f4 Qb6 20. f5 cxd4 21. Qxd4 Qxd4+ 22. cxd4 c3 23. Re2 a5 24. Rc1 cxb2 25. Rb1 Rc1+ 26. Re1 Rxe1+ 27. Rxe1 Rc8 28. Ne2 Bxe4 29. Nf1 b1Q 30. Rxb1 Bxb1 31. fxe6 fxe6 32. Nf4 Kf7 33. Nd2 Rc1+ 34. Kh2 Ne4 35. Nxb1 Rxb1 36. d5 exd5 37. Nxd5 0-1

[Event "Olympiad Women-42"]
[Site "Baku"]
[Date "2016.09.10"]
[Round "8.1"]
[White "Larrea, Daniela"]
[Black "Dos Ramos, Rosangela"]
[Result "1/2-1/2"]
[WhiteElo "1778"]
[BlackElo "1821"]
[PlyCount "64"]
[EventDate "2016.09.02"]
[EventType "team-swiss"]
[EventRounds "11"]
[EventCountry "AZE"]
[SourceTitle "CBM 174 Extra"]
[Source "ChessBase"]
[SourceDate "2016.10.10"]
[SourceVersion "1"]
[SourceVersionDate "2016.10.10"]
[SourceQuality "1"]
[WhiteTeam "Uruguay (W)"]
[BlackTeam "Surinam (W)"]
[WhiteTeamCountry "URU"]
[BlackTeamCountry "SUR"]

1. d4 d5 2. c4 e6 3. g3 Nf6 4. Bg2 Be7 5. Nf3 0-0 6. 0-0 c6 7. Nbd2 b6 8. Qc2 Bb7 9. Rd1 Nbd7 10. e4 Rc8 11. e5 Ne8 12. cxd5 cxd5 13. Qd3 g6 14. Nf1 h5 15. h4 Ng7 16. Bg5 Nb8 17. Qd2 Ba6 18. Ne3 Nc6 19. Bxe7 Qxe7 20. Bf1 Bxf1 21. Kxf1 Rc7 22. Rac1 Rfc8 23. Rc3 Na5 24. Rxc7 Rxc7 25. Rc1 Qd7 26. Rxc7 Qxc7 27. b3 a6 28. Qc2 Qd7 29. Qd3 Qc8 30. Qc2 Qd7 31. Qd3 Qc8 32. Qc2 Qd7 1/2-1/2

[Event "Central America Carribean-ch U20 Girls"]
[Site "Porlamar"]
[Date "2015.08.27"]
[Round "8"]
[White "Rovira Contreras, Tairu Manuela"]
[Black "Dos Ramos, Rosangela"]
[Result "1-0"]
[WhiteElo "2057"]
[BlackElo "1741"]
[PlyCount "61"]
[EventDate "2015.08.22"]
[EventType "swiss"]
[EventRounds "9"]
[EventCountry "VEN"]
[SourceTitle "EXT 2018"]
[Source "ChessBase"]
[SourceDate "2017.10.13"]
[SourceVersion "1"]
[SourceVersionDate "2017.10.13"]
[SourceQuality "1"]

1. d4 d5 2. c4 e6 3. Nc3 Nf6 4. Nf3 Be7 5. Bf4 0-0 6. e3 c5 7. Bd3 b6 8. cxd5 exd5 9. Ne5 Be6 10. 0-0 Nfd7 11. e4 Nxe5 12. Bxe5 Nc6 13. Qh5 Nxe5 14. dxe5 g6 15. Qf3 d4 16. Nd5 Kg7 17. Bc4 Re8 18. Qb3 Rf8 19. f4 f6 20. exf6+ Bxf6 21. Nxf6 Bxc4 22. Nh5+ gxh5 23. Qxc4 Qe7 24. Rae1 a6 25. a4 Rab8 26. Qxa6 Qc7 27. Qd3 Qd7 28. f5 Qxa4 29. Qg3+ Kf7 30. Qc7+ Kg8 31. f6 1-0

[Event "Central America Carribean-ch U20 Girls"]
[Site "Porlamar"]
[Date "2015.08.22"]
[Round "2"]
[White "Dos Ramos, Rosangela"]
[Black "Montilla Reyes, Jorcerys"]
[Result "0-1"]
[WhiteElo "1741"]
[BlackElo "2162"]
[PlyCount "96"]
[EventDate "2015.08.22"]
[EventType "swiss"]
[EventRounds "9"]
[EventCountry "VEN"]
[SourceTitle "EXT 2018"]
[Source "ChessBase"]
[SourceDate "2017.10.13"]
[SourceVersion "1"]
[SourceVersionDate "2017.10.13"]
[SourceQuality "1"]

1. e4 c5 2. Nf3 Nc6 3. d3 g6 4. g3 Bg7 5. Bg2 Nf6 6. 0-0 0-0 7. c3 d6 8. Re1 e5 9. a3 Ne8 10. b4 Nc7 11. Nbd2 Kh8 12. Bb2 Be6 13. Qe2 Qe7 14. Rad1 a5 15. bxc5 dxc5 16. a4 Rab8 17. Ra1 b5 18. Reb1 Rfd8 19. Bf1 Rb7 20. Qd1 f5 21. axb5 Nxb5 22. Qa4 Rdb8 23. c4 Nba7 24. Bc3 Rxb1 25. Rxb1 Rxb1 26. Nxb1 Qc7 27. Na3 Bd7 28. Qd1 Nd4 29. Kg2 Bc6 30. Nd2 Nc8 31. Kg1 Bh6 32. Bg2 Nd6 33. Qe1 Nb7 34. Kf1 a4 35. Qd1 Nd6 36. Qe1 Qb7 37. f3 Nf7 38. Qd1 Qd7 39. Qb1 Qd6 40. Kf2 Ng5 41. h4 Nge6 42. Bf1 Bxd2 43. Bxd2 fxe4 44. fxe4 Qf8+ 45. Kg2 Qf3+ 46. Kg1 Qxg3+ 47. Kh1 Nf3 48. Qb8+ Kg7 0-1

[Event "Central America Carribean-ch U20 Girls"]
[Site "Porlamar"]
[Date "2015.08.22"]
[Round "1"]
[White "Quijada Amundarain, Rosanny"]
[Black "Dos Ramos, Rosangela"]
[Result "0-1"]
[WhiteElo "1464"]
[BlackElo "1741"]
[PlyCount "58"]
[EventDate "2015.08.22"]
[EventType "swiss"]
[EventRounds "9"]
[EventCountry "VEN"]
[SourceTitle "EXT 2018"]
[Source "ChessBase"]
[SourceDate "2017.10.13"]
[SourceVersion "1"]
[SourceVersionDate "2017.10.13"]
[SourceQuality "1"]

1. c4 e6 2. Nc3 d5 3. e3 Nf6 4. d4 Be7 5. Nf3 0-0 6. Bd3 b6 7. 0-0 Bb7 8. Re1 c5 9. cxd5 exd5 10. e4 cxd4 11. Nxd4 dxe4 12. Bxe4 Nxe4 13. Nxe4 Bb4 14. Nc3 Bc5 15. Nf3 Nd7 16. Bg5 Qc8 17. Rc1 h6 18. Bh4 Re8 19. Na4 Rxe1+ 20. Qxe1 Qe8 21. Nxc5 Nxc5 22. Qc3 Rc8 23. Re1 Ne6 24. Qd3 Qa4 25. a3 Bxf3 26. Qxf3 Qxh4 27. g3 Qd4 28. b4 Qc3 29. Qxc3 Rxc3 0-1

[Event "South America-ch U20 Girls 11th"]
[Site "Barrancabermeja"]
[Date "2015.04.26"]
[Round "7"]
[White "Dos Ramos, Rosangela"]
[Black "Hernandez Fonseca, Maria Paula"]
[Result "0-1"]
[WhiteElo "1772"]
[BlackElo "1913"]
[PlyCount "50"]
[EventDate "2015.04.22"]
[EventType "swiss"]
[EventRounds "9"]
[EventCountry "COL"]
[SourceTitle "CBM 166 Extra"]
[Source "ChessBase"]
[SourceDate "2015.06.18"]
[SourceVersion "1"]
[SourceVersionDate "2015.06.18"]
[SourceQuality "1"]

1. e4 c5 2. Nf3 e6 3. d3 d5 4. Nbd2 Nf6 5. g3 Be7 6. Bg2 0-0 7. 0-0 Nc6 8. Re1 b5 9. c3 a5 10. e5 Nd7 11. Nf1 Nb6 12. d4 b4 13. h4 Ba6 14. Bg5 Nc4 15. Bxe7 Qxe7 16. Qc1 bxc3 17. b3 cxd4 18. bxc4 Bxc4 19. Rd1 Qc5 20. N1h2 Be2 21. Nxd4 Nxd4 22. Re1 Rab8 23. Rb1 Bd3 24. Ra1 Ne2+ 25. Rxe2 Bxe2 0-1

[Event "SUR-ch"]
[Site "Paramaribo"]
[Date "2015.04.12"]
[Round "9"]
[White "Prade, Cedric"]
[Black "Dos Ramos, Rosangela"]
[Result "1-0"]
[WhiteElo "1756"]
[BlackElo "1772"]
[PlyCount "77"]
[EventDate "2015.03.20"]
[EventType "tourn"]
[EventRounds "13"]
[EventCountry "SUR"]
[SourceTitle "EXT 2018"]
[Source "ChessBase"]
[SourceDate "2017.10.13"]
[SourceVersion "1"]
[SourceVersionDate "2017.10.13"]
[SourceQuality "1"]

1. c4 e6 2. e4 d5 3. cxd5 exd5 4. e5 c5 5. d4 Nc6 6. Bb5 a6 7. Bxc6+ bxc6 8. Nc3 cxd4 9. Qxd4 Qa5 10. Nge2 Bc5 11. Qd1 Ne7 12. 0-0 0-0 13. a3 Qc7 14. Kh1 Qxe5 15. f4 Qc7 16. b4 Ba7 17. Bb2 Nf5 18. h3 Ne3 19. Qd2 Nxf1 20. Rxf1 Re8 21. Rf3 Bf5 22. Rg3 f6 23. Rf3 Rad8 24. Nd4 Be4 25. Rf1 Qd7 26. Kh2 c5 27. bxc5 Bxc5 28. Nce2 Qa4 29. Bc3 Rc8 30. g3 Rb8 31. f5 Rb1 32. Rxb1 Bxb1 33. Ne6 Bxa3 34. Qxd5 Kh8 35. Qb7 Rg8 36. Qxb1 Qd7 37. N2f4 Qa7 38. Qa1 Bf8 39. Bd4 1-0

[Event "SUR-ch"]
[Site "Paramaribo"]
[Date "2015.03.31"]
[Round "6"]
[White "Frijde, Reyna"]
[Black "Dos Ramos, Rosangela"]
[Result "1/2-1/2"]
[WhiteElo "1576"]
[BlackElo "1772"]
[PlyCount "73"]
[EventDate "2015.03.20"]
[EventType "tourn"]
[EventRounds "13"]
[EventCountry "SUR"]
[SourceTitle "EXT 2018"]
[Source "ChessBase"]
[SourceDate "2017.10.13"]
[SourceVersion "1"]
[SourceVersionDate "2017.10.13"]
[SourceQuality "1"]

1. e4 g6 2. d4 Bg7 3. Nf3 d6 4. c3 Nd7 5. Bd3 e6 6. Be3 Ne7 7. Qd2 0-0 8. Bh6 a6 9. Na3 b5 10. Nc2 Bb7 11. Bxg7 Kxg7 12. 0-0 c5 13. b3 Qc7 14. Qe2 Rac8 15. Nd2 e5 16. d5 f5 17. c4 b4 18. Ne3 f4 19. Nd1 Nf6 20. f3 Nh5 21. Nf2 Ng8 22. Ng4 Ngf6 23. Nxf6 Rxf6 24. Kf2 Qd7 25. Rh1 Rf7 26. Rag1 Nf6 27. Ke1 Kf8 28. g4 Ke8 29. Qg2 Kd8 30. Ke2 Kc7 31. Ra1 Rff8 32. h3 Ra8 33. Rhc1 Qd8 34. Qf2 Nd7 35. Rcb1 Qe7 36. a4 a5 37. Rh1 1/2-1/2

[Event "SUR-ch"]
[Site "Paramaribo"]
[Date "2015.03.29"]
[Round "5"]
[White "Dos Ramos, Rosangela"]
[Black "Matoewi, Roger"]
[Result "0-1"]
[WhiteElo "1772"]
[BlackElo "2089"]
[PlyCount "94"]
[EventDate "2015.03.20"]
[EventType "tourn"]
[EventRounds "13"]
[EventCountry "SUR"]
[SourceTitle "EXT 2018"]
[Source "ChessBase"]
[SourceDate "2017.10.13"]
[SourceVersion "1"]
[SourceVersionDate "2017.10.13"]
[SourceQuality "1"]

1. e4 c5 2. Nf3 d6 3. d3 Nc6 4. c3 g6 5. g3 Bg7 6. Bg2 Nf6 7. 0-0 0-0 8. Nbd2 Bd7 9. h3 b5 10. Nh4 Rb8 11. f4 b4 12. Nc4 bxc3 13. bxc3 Nh5 14. Qe1 Nb4 15. cxb4 Bxa1 16. g4 Bd4+ 17. Be3 Ng7 18. Bxd4 cxd4 19. f5 Bb5 20. a3 Bxc4 21. dxc4 Qb6 22. Nf3 Rbc8 23. Qc1 Ne8 24. Rd1 d3+ 25. Kh1 Qc6 26. Nd2 Qa4 27. Bf1 Nf6 28. Bxd3 Nd7 29. Nf3 Ne5 30. Nxe5 dxe5 31. Bc2 Qc6 32. c5 Rcd8 33. Kg2 Qc7 34. Bb3 Rxd1 35. Qxd1 Kg7 36. Bd5 Rd8 37. Qb3 e6 38. fxe6 fxe6 39. Bxe6 Rd2+ 40. Kg3 Qd8 41. Bd5 h5 42. h4 hxg4 43. Qe3 Rd4 44. c6 Qb6 45. Kxg4 Qc7 46. Qe2 Qd6 47. Qf2 Qxd5 0-1